00687nam a2200193 a 450000100100000000500170001000800410002702000150006804000250008308200160010810000370012424500470016126000440020830000220025250000730027404900090034795201200035699900170047600002526020200930023651.0110211s1995 sp r 000 0 spa d a8440478224 aDO-SdBNPbspacBNPHU axxxxbS129c1 aSagrera, Martín.d1935-92670513aLa crisis poblacional /cMartín Sagrera. aMadrid, España :bFundamentos,c1995. a71 p. ;c18.5 cm. aIncluye bibliografía del autor en la parte trasera de la cubierta. aBNGR 001054708MOaGRbGRcCTd2011-02-11iLF1l0oxxxx S129cp25260-10r2020-06-25w2020-06-25y4ZPréstamo en sala c24753d24753